000 00829nam0a22002651 4500
001 rc\4765375
005 20130417100256.9
021 _aRU
_b[63-13530]
035 _a(NLR Aleph) 009019759
090 _a9420680
_c9420680
100 _a20130417d1962 |||y0rusy50 ca
101 0 _arus
102 _aRU
105 _ay z |||||
200 1 _aПодготовка и скармливание кормов и прикормок
210 _aУльяновск
_cКн. изд-во
_d1962
215 _a42 с.
_d14
225 1 _aБиблиотечка молодой телятницы
606 _aТелята
_xКормление
_2psbo
700 1 _aМиртова
_bЭ. А.
_gЭмилия Алексеевна
801 0 _aRU
_bNLR
_gpsbo
801 1 _aRU
_bELAR
_2rusmarc
852 _aNLR
_j63-1/302
942 _cBOOK
980 _aNB